Statistiques concernant Français célèbres - Quiz d'images #3

Cliquez ici pour prendre le quiz!

Statistiques générales

  • Ce quiz a été pris 286 fois
  • Le résultat moyen est 11 sur 16

Statistiques - réponses

Réponse% Correct
Jacques Chirac
99%
Édith Piaf
94%
Jeanne d'Arc
91%
Valéry Giscard d'Estaing
90%
Jean-Paul Belmondo
85%
Napoleon Bonaparte
80%
Charlotte Gainsbourg
79%
Eric Cantona
71%
Jeannie Longo
55%
Françoise Hardy
53%
Isabelle Adjani
53%
Jean-Paul Sartre
50%
Surya Bonaly
44%
Charles Baudelaire
40%
Jean Paul Gaultier
40%
Jacques Anquetil
37%

Distribution des résultats

Percentile par nombre de réponses

% des personnes avec chaque résultat

Votre développement - résultats

Vous n’avez pas pris ce quiz